Proti cukrovej reforme sú cukrovary i farmári

Radikálna reforma trhu s cukrom. Postupné zníženie cien cukru. Nespokojní aj poľnohospodári. Reforma trhového poriadku a zánik firiem. Návrh Európskej komisie na zmiernenie dôsledkov reformy.

Saved in:
Bibliographic Details
Main Author: Vrabec, Norbert
Format: Book Chapter
Language:Slovak
Subjects:
Tags: Add Tag
No Tags, Be the first to tag this record!

MARC

LEADER 00000naa$a2200000$$$4500
001 0031713
005 20231004130228.0
041 0 |a slo 
044 |a SK 
245 1 0 |a Proti cukrovej reforme sú cukrovary i farmári  |c Norbert Vrabec 
520 |a Radikálna reforma trhu s cukrom. Postupné zníženie cien cukru. Nespokojní aj poľnohospodári. Reforma trhového poriadku a zánik firiem. Návrh Európskej komisie na zmiernenie dôsledkov reformy. 
610 2 0 |a priemysel cukrovarnícky 
610 2 0 |a cukor 
610 2 0 |a produkcia 
610 2 0 |a predaj 
610 2 0 |a ceny 
610 2 0 |a reformy 
610 2 0 |a fondy peňažné 
610 2 0 |a spolupráca medzinárodná 
610 2 0 |a Slovensko 
610 2 0 |a Európska únia 
100 1 |a Vrabec, Norbert